01214nam a2200337 i 45000010005000000030009000050050017000140080039000310150014000700400028000840410013001120800008001251000037001332450098001702460048002682600057003163000043003733360027004163370054004433380028004973800016005255040012005416500023005536500025005766580024006016580028006256500022006537000062006757100042007378560097007792173KOSZ 00520200630132816.0070729s1971 pl a f 001 0 pol aPB 641/72 aWA NcWA NdKOSZ 005/RW1 apolhrus a5371 aKireev, Petr Semenovič.eAutor10aFizyka półprzewodników /cP. S. Kiriejew ; [tłumaczenie Stanisław Andrzej Ignatowicz].1 iTytuł oryginału:aFizika poluprovodnikov. aWarszawa :bPaństwowe Wydawnictwo Naukowe ,c1971. a648, [3] stron :bilustracje ;c23 cm. aTekstbtxt2rdacontent aBez urządzenia pośredniczącegobn2rdamedia aWoluminbnc2rdacarrier aKsiążki aIndeks. 4aZjawiska optyczne. 4aZjawiska kinetyczne. aFizyka i astronomia aInżynieria i technika 4aPółprzewodniki1 aIgnatowicz, Stanisław Andrzejd(1933-1993)eTłumaczenie2 aPaństwowe Wydawnictwo Naukowe4pbl. uhttp://koha.tu.koszalin.pl/cgi-bin/koha/opac-detail.pl?biblionumber=2173yKatalog online BPK